000
00356nam a2200133Ia 4500
008
100328s9999 xx 000 0 und d
082
_b
45767
100
_a
तेंडुलकर विजय
245
_a
रामप्रहर
260
_b
ऋतु
630
_a
रामप्रहर
730
_a
रामप्रहर
942
_c
BOOK
999
_c
533855
_d
533852